Statistics for Ten Biggest and Ten Smallest Countries of Asia by Population

Click here to take the quiz!

General Stats

  • This quiz has been taken 30 times
  • The average score is 18 of 20

Answer Stats

#CountryPopulation% Correct
1China1.425.849.288
100%
2India1.422.026.528
100%
7Japan123.625.074
96%
9Vietnam98.531.429
96%
5Bangladesh172.075.151
93%
3Bhutan784.945
93%
1Brunei450.814
93%
3Indonesia276.386.389
93%
4Pakistan238.126.113
93%
7Qatar2.705.914
93%
6Bahrain1.478.840
89%
5East Timor1.350.944
89%
10Iran88.844.498
89%
2Maldives522.645
89%
8Philippines116.451.694
89%
6Russia144.694.112
82%
8Armenia2.777.712
79%
10Georgia3.735.452
79%
9Mongolia3.423.374
75%
4Cyprus1.255.897
61%

Score Distribution

Percentile by Number Answered

Percent of People with Each Score

Your Score History

You have not taken this quiz